000
00248nam a2200109Ia 4500
008
190216s9999||||xx |||||||||||||| ||und||
100
_a
Ubaid T
245
0
_a
Kannada Cherukathakal
260
_b
Sahithya Accadamy
650
_a
Kathakal
942
_c
BK
999
_c
24989
_d
24989